[Event "4NCL Division 3 South"]
[Site "Milton Keynes, ENG"]
[Date "2021.11.20"]
[Round "1.93"]
[White "Conway, Paul Bernard"]
[Black "Kemp, Paul R"]
[Result "1/2-1/2"]
[WhiteElo "1837"]
[BlackElo "2015"]
[PlyCount "53"]
[EventDate "2021.11.20"]
[WhiteTeam "Hackney Returns"]
[BlackTeam "Poisoned Pawns"]

1. e4 c6 2. d4 d5 3. exd5 cxd5 4. Bd3 Nc6 5. c3 Qc7 6. h3 Nf6 7. Ne2 e6 8. Bf4
Bd6 9. Bxd6 Qxd6 10. Nd2 O-O 11. O-O e5 12. dxe5 Nxe5 13. Bc2 b6 14. Re1 Ba6
15. Nb3 Rfe8 16. Ng3 Rad8 17. Nd4 Bc8 18. Ngf5 Qf8 19. Qc1 Kh8 20. Qf4 Ng6 21.
Qf3 Bd7 22. Rad1 Rxe1+ 23. Rxe1 Re8 24. Re3 Rxe3 25. Nxe3 Qd6 26. Bb3 Nf4 27.
Qd1 1/2-1/2

[Event "4NCL Division 3 South"]
[Site "Milton Keynes, ENG"]
[Date "2021.11.20"]
[Round "1.94"]
[White "Hutchinson, Norman A"]
[Black "Jones, Zebedee"]
[Result "1-0"]
[WhiteElo "1985"]
[BlackElo "1638"]
[PlyCount "90"]
[EventDate "2021.11.20"]
[WhiteTeam "Poisoned Pawns"]
[BlackTeam "Hackney Returns"]

1. e4 c5 2. c3 Nf6 3. e5 Nd5 4. Nf3 Nc6 5. d4 cxd4 6. cxd4 d6 7. Bc4 Nb6 8. Bb5
Bd7 9. Nc3 e6 10. O-O Nb4 11. Be2 Bc6 12. a3 N4d5 13. Ne4 Be7 14. Bd3 h6 15.
Qe2 g5 16. h3 Nf4 17. Bxf4 gxf4 18. exd6 Bxd6 19. Bb5 Nd5 20. Bxc6+ bxc6 21.
Nxd6+ Qxd6 22. Qe5 Qxe5 23. Nxe5 Rc8 24. Rfc1 Ne7 25. Rc5 f6 26. Nd3 Nd5 27.
Rac1 Kd7 28. Ra5 Rc7 29. Nc5+ Kd6 30. Ne4+ Ke7 31. Re1 Re8 32. Rc5 f5 33. Nd2
Nb6 34. Rxf5 Kd6 35. Ne4+ Ke7 36. Nc5 Kd6 37. Rf6 Rce7 38. Rxh6 Nd5 39. Ne4+
Kc7 40. Nf6 Nxf6 41. Rxf6 Kd6 42. Rxf4 c5 43. dxc5+ Kxc5 44. Rfe4 Rd7 45. Rxe6
Rf8 1-0

[Event "4NCL Division 3 South"]
[Site "Milton Keynes, ENG"]
[Date "2021.11.20"]
[Round "1.95"]
[White "Wouters, Olivier"]
[Black "McMahon, Paul"]
[Result "0-1"]
[WhiteElo "1357"]
[BlackElo "1924"]
[PlyCount "70"]
[EventDate "2021.11.20"]
[WhiteTeam "Hackney Returns"]
[BlackTeam "Poisoned Pawns"]

1. d4 d5 2. c4 e6 3. Nc3 Nf6 4. Bg5 Be7 5. Nf3 h6 6. Bh4 O-O 7. e3 b6 8. Bd3
dxc4 9. Bxc4 Bb7 10. O-O Nbd7 11. Bg3 Nh5 12. Nd2 Nxg3 13. fxg3 Nf6 14. Bd3 c5
15. Nf3 Bxf3 16. Qxf3 cxd4 17. Ne4 dxe3 18. Rad1 Nd5 19. Nc3 Bc5 20. Kh1 Qe7
21. Qe4 g6 22. Nxd5 exd5 23. Qf3 Rad8 24. Rde1 a5 25. Qf4 Kg7 26. b3 Rd6 27.
Rf3 Rf6 28. Qg4 Qe6 29. Qa4 Rxf3 30. gxf3 Qf6 31. Kg2 Qc3 32. Rd1 Qb2+ 33. Kh3
e2 34. Bxe2 Qxe2 35. Rxd5 Qe6+ 0-1

[Event "4NCL Division 3 South"]
[Site "Milton Keynes, ENG"]
[Date "2021.11.20"]
[Round "1.96"]
[White "Judkins, Brian D"]
[Black "Bar-Tal, Shir"]
[Result "1-0"]
[WhiteElo "1720"]
[BlackElo "1338"]
[PlyCount "43"]
[EventDate "2021.11.20"]
[WhiteTeam "Poisoned Pawns"]
[BlackTeam "Hackney Returns"]

1. e4 e6 2. d4 d5 3. Nc3 Bb4 4. e5 c5 5. a3 Bxc3+ 6. bxc3 Qc7 7. Nf3 Nc6 8. Bd3
Nge7 9. O-O cxd4 10. cxd4 h6 11. Be3 Nf5 12. Qe2 Nxe3 13. fxe3 O-O 14. e4 f6
15. exd5 exd5 16. exf6 Rxf6 17. Qe8+ Rf8 18. Qg6 Rf7 19. Rae1 Kf8 20. Qh7 Re7
21. Qh8+ Kf7 22. Ng5# 1-0

[Event "4NCL Division 3 South"]
[Site "Milton Keynes, ENG"]
[Date "2021.11.20"]
[Round "1.101"]
[White "Duggan, Michael F G"]
[Black "White, John"]
[Result "1-0"]
[WhiteElo "2052"]
[BlackElo "1821"]
[PlyCount "67"]
[EventDate "2021.11.20"]
[WhiteTeam "Poole"]
[BlackTeam "Celtic Tigers 3"]

1. d4 Nf6 2. c4 g6 3. Nc3 d5 4. cxd5 Nxd5 5. e4 Nxc3 6. bxc3 Bg7 7. Bc4 O-O 8.
Ne2 c5 9. O-O Nc6 10. Be3 Qc7 11. Rc1 Rd8 12. h3 a6 13. a4 e6 14. f4 Rb8 15.
Qd3 Na5 16. f5 b5 17. axb5 axb5 18. Ba2 c4 19. Qc2 Rb7 20. f6 Bh8 21. e5 Nc6
22. h4 h5 23. g4 hxg4 24. Qe4 Qd7 25. h5 Qe8 26. Nf4 Ne7 27. fxe7 Rxe7 28. Ne2
Bb7 29. Qxg4 Rdd7 30. Bb1 Kh7 31. Rf6 Bxf6 32. exf6 Qg8 33. fxe7 Rxe7 34. hxg6+
1-0

[Event "4NCL Division 3 South"]
[Site "Milton Keynes, ENG"]
[Date "2021.11.20"]
[Round "1.102"]
[White "Sarfas, Robin"]
[Black "O'Neill, Martin"]
[Result "1/2-1/2"]
[WhiteElo "1790"]
[BlackElo "1998"]
[PlyCount "125"]
[EventDate "2021.11.20"]
[WhiteTeam "Celtic Tigers 3"]
[BlackTeam "Poole"]

1. d4 Nf6 2. c4 g6 3. Nc3 Bg7 4. e4 d6 5. Nf3 O-O 6. Be2 e5 7. Be3 Nc6 8. d5
Ne7 9. Nd2 a5 10. O-O Nd7 11. a3 f5 12. f3 b6 13. b4 Nf6 14. c5 bxc5 15. bxc5
Ba6 16. c6 Bxe2 17. Qxe2 Nh5 18. Nc4 Nf4 19. Qc2 Nc8 20. Rab1 h5 21. Rb5 Qg5
22. Kh1 h4 23. Rxa5 Rxa5 24. Nxa5 Qd8 25. Nb7 Qe7 26. a4 Nb6 27. Nb5 Na8 28. a5
h3 29. Bxf4 exf4 30. gxh3 Be5 31. Qg2 Kh7 32. Rg1 Qf7 33. exf5 Qxf5 34. Qg5 Qd3
35. Qg2 Rg8 36. Nxc7 Nxc7 37. Qg4 Qf5 38. Qxf5 gxf5 39. Rxg8 Kxg8 40. Kg2 Nxd5
41. a6 Nc7 42. a7 Kf7 43. Kf2 Ke6 44. h4 Bd4+ 45. Ke2 Bxa7 46. Kd3 Kd5 47. Nd8
Bd4 48. h5 Bf6 49. Nf7 Ke6 50. Nh6 d5 51. h3 Bg7 52. Ng8 Kf7 53. h6 Kxg8 54.
hxg7 Ne6 55. h4 Kxg7 56. c7 Nxc7 57. Kd4 Kf6 58. h5 Kg5 59. Ke5 Kxh5 60. Kxf5
d4 61. Kxf4 Ne6+ 62. Ke4 Kg5 63. f4+ 1/2-1/2

[Event "4NCL Division 3 South"]
[Site "Milton Keynes, ENG"]
[Date "2021.11.20"]
[Round "1.103"]
[White "Stanciu, Ciprian"]
[Black "Hoong, Jonathan"]
[Result "1-0"]
[WhiteElo "2005"]
[BlackElo "1701"]
[PlyCount "64"]
[EventDate "2021.11.20"]
[WhiteTeam "Poole"]
[BlackTeam "Celtic Tigers 3"]

1. d4 Nf6 2. Bf4 d6 3. e3 g6 4. c3 Bg7 5. Nf3 Nbd7 6. Nbd2 O-O 7. Bd3 c5 8. Qc2
Qc7 9. h4 cxd4 10. exd4 e5 11. Be3 exd4 12. Nxd4 Ne5 13. Be2 h5 14. N2f3 Nxf3+
15. gxf3 Kh7 16. Rg1 Rg8 17. Bg5 a6 18. O-O-O Bd7 19. f4 Ng4 20. Bxg4 Bxg4 21.
f3 Bd7 22. f5 Bh6 23. Bxh6 Kxh6 24. Qd2+ Kh7 25. Rg5 Rae8 26. Rdg1 Qb6 27. Qd3
d5 28. fxg6+ fxg6 29. Rxh5+ Kg7 30. Rxd5 Bc8 31. h5 Kh8 32. hxg6 Rxg6 1-0

[Event "4NCL Division 3 South"]
[Site "Milton Keynes, ENG"]
[Date "2021.11.20"]
[Round "1.104"]
[White "Portheault, Benjamin"]
[Black "Weatherlake, John P"]
[Result "0-1"]
[WhiteElo "1661"]
[BlackElo "1987"]
[PlyCount "64"]
[EventDate "2021.11.20"]
[WhiteTeam "Celtic Tigers 3"]
[BlackTeam "Poole"]

1. b3 e5 2. Bb2 Nc6 3. e3 Nf6 4. Bb5 Bd6 5. Na3 a6 6. Be2 Qe7 7. Nc4 Bc5 8. d4
exd4 9. exd4 Bb4+ 10. c3 d5 11. Nd2 Bd6 12. Ngf3 Ne4 13. O-O O-O 14. Re1 f5 15.
c4 Qf7 16. cxd5 Ne7 17. Ne5 Qf6 18. Bd3 Nxd2 19. Qxd2 Nxd5 20. a3 c6 21. Bc4
Be6 22. Bxd5 Bxd5 23. b4 Rad8 24. Re2 Bxe5 25. Rxe5 Bxg2 26. f4 Bd5 27. Qf2 Rd6
28. Qg3 Qf7 29. Rxd5 Qxd5 30. Kf2 Re8 31. Rg1 Rg6 32. Qc3 Rge6 0-1

[Event "4NCL Division 3 South"]
[Site "Milton Keynes, ENG"]
[Date "2021.11.20"]
[Round "1.105"]
[White "Smith, Richard"]
[Black "Turner, Jeremy"]
[Result "0-1"]
[WhiteElo "1915"]
[BlackElo "1286"]
[PlyCount "68"]
[EventDate "2021.11.20"]
[WhiteTeam "Poole"]
[BlackTeam "Celtic Tigers 3"]

1. e4 c5 2. Nf3 e6 3. d4 cxd4 4. Nxd4 d6 5. Be3 Nf6 6. Nd2 Qc7 7. Bd3 Nc6 8. c3
Be7 9. f4 b5 10. Rc1 d5 11. e5 Nd7 12. Qg4 O-O 13. O-O Nxd4 14. cxd4 Qb6 15.
Rf3 f5 16. Qh5 Rf7 17. g4 g6 18. Qh3 Bf8 19. Rg3 Bg7 20. Nf3 Nf8 21. Kf2 Bd7
22. gxf5 exf5 23. Ng5 Re7 24. Rcg1 h6 25. Nf3 Kh7 26. Nh4 Rc8 27. Qg2 Rc6 28.
Bxf5 Bxf5 29. Nxf5 Rc2+ 30. Kf3 Rxg2 31. Nxe7 Rxg3+ 32. Rxg3 Qe6 33. Nxg6 Nxg6
34. Ke2 Qf5 0-1

[Event "4NCL Division 3 South"]
[Site "Milton Keynes, ENG"]
[Date "2021.11.20"]
[Round "1.106"]
[White "Osseiran, Nadim"]
[Black "Fuller, David Michael"]
[Result "1/2-1/2"]
[WhiteElo "1166"]
[BlackElo "1905"]
[PlyCount "84"]
[EventDate "2021.11.20"]
[WhiteTeam "Celtic Tigers 3"]
[BlackTeam "Poole"]

1. e4 c5 2. Nf3 Nc6 3. Bb5 e6 4. Bxc6 bxc6 5. O-O d5 6. d3 Nf6 7. Nbd2 Ba6 8.
b3 Be7 9. Re1 O-O 10. Bb2 Re8 11. e5 Nd7 12. c4 Qc7 13. Qc2 h6 14. Nf1 Rab8 15.
Ng3 Bc8 16. Bc3 Nf8 17. Re2 Ng6 18. Bd2 Bd7 19. Rae1 Rf8 20. Bc3 Nf4 21. Rd2 d4
22. Bb2 f6 23. Bc1 fxe5 24. Nxe5 Bd6 25. Nxd7 Qxd7 26. Rdd1 Ng6 27. Ne4 Rbe8
28. Ba3 Qe7 29. Qe2 Rf5 30. Qg4 Ne5 31. Qe2 Nd7 32. f3 Bc7 33. Bc1 Qh4 34. Ng3
Bxg3 35. hxg3 Qxg3 36. Qe4 Re5 37. Bf4 Rxe4 38. Bxg3 Rxe1+ 39. Rxe1 e5 40. Kf2
Kf7 41. Ke2 Kf6 42. Kd2 Kf5 1/2-1/2

[Event "4NCL Division 3 South"]
[Site "Milton Keynes, ENG"]
[Date "2021.11.20"]
[Round "1.111"]
[White "Haslehurst, Harriet"]
[Black "Amato, Giampiero"]
[Result "0-1"]
[WhiteElo "1511"]
[BlackElo "1994"]
[PlyCount "56"]
[EventDate "2021.11.20"]
[WhiteTeam "Crowthorne B"]
[BlackTeam "CSC 2"]

1. d4 Nf6 2. Nf3 g6 3. c4 Bg7 4. Nbd2 O-O 5. e4 d6 6. Be2 Nbd7 7. O-O e5 8. d5
Nc5 9. Qc2 a5 10. Ne1 Bd7 11. f3 Nh5 12. Nb3 Nxb3 13. Qxb3 Nf4 14. Bxf4 exf4
15. Nd3 Qg5 16. Nf2 Bd4 17. Kh1 a4 18. Qxb7 Bb6 19. c5 Ra7 20. c6 Rxb7 21. cxb7
Qd8 22. Ba6 Qb8 23. Nd3 Qa7 24. Nb4 Bc5 25. Nc6 Bxc6 26. dxc6 Qxa6 27. b4 axb3
28. axb3 Qxc6 0-1

[Event "4NCL Division 3 South"]
[Site "Milton Keynes, ENG"]
[Date "2021.11.20"]
[Round "1.112"]
[White "Lawson, Maurice E"]
[Black "Shek, Daniel"]
[Result "0-1"]
[WhiteElo "1983"]
[BlackElo "1515"]
[PlyCount "88"]
[EventDate "2021.11.20"]
[WhiteTeam "CSC 2"]
[BlackTeam "Crowthorne B"]

1. e4 c5 2. Nc3 Nc6 3. Bb5 e6 4. Bxc6 bxc6 5. d3 d5 6. f4 Nf6 7. Nf3 dxe4 8.
dxe4 Qxd1+ 9. Kxd1 Be7 10. Ke2 Ba6+ 11. Kf2 O-O 12. h3 c4 13. Ne5 Bb4 14. Kf3
Bxc3 15. bxc3 c5 16. Rb1 Rab8 17. Ba3 Bb7 18. Bxc5 Bxe4+ 19. Ke3 Bxc2 20. Rxb8
Rxb8 21. Bxa7 Rb7 22. Bc5 Nd5+ 23. Kd4 Nxf4 24. Kxc4 f6 25. g3 Be4 26. Rf1 Bd5+
27. Kd4 fxe5+ 28. Kxe5 Nd3+ 29. Kd4 Nxc5 30. Kxc5 Bxa2 31. Ra1 Bd5 32. Ra4 Kf7
33. c4 Rc7+ 34. Kd4 Rxc4+ 35. Rxc4 Bxc4 36. Kxc4 Kf6 37. Kd4 Kf5 38. Kd3 e5 39.
Ke3 h5 40. Kf3 e4+ 41. Kf2 g5 42. Ke2 g4 43. hxg4+ Kxg4 44. Kf2 Kh3 0-1

[Event "4NCL Division 3 South"]
[Site "Milton Keynes, ENG"]
[Date "2021.11.20"]
[Round "1.113"]
[White "McKean, Matthew"]
[Black "Sparkes, Daniel A"]
[Result "0-1"]
[WhiteElo "1400"]
[BlackElo "1945"]
[PlyCount "96"]
[EventDate "2021.11.20"]
[WhiteTeam "Crowthorne B"]
[BlackTeam "CSC 2"]

1. c4 e5 2. Nc3 Nf6 3. g3 Bc5 4. Bg2 Nc6 5. e4 d6 6. Nge2 Be6 7. O-O Bxc4 8. d3
Be6 9. a3 O-O 10. b4 Bb6 11. Bb2 Nd4 12. Rc1 Bg4 13. h3 Bf3 14. Bxf3 Nxf3+ 15.
Kg2 Nd4 16. Na4 Nxe2 17. Nxb6 Nxc1 18. Nxa8 Nxd3 19. Qxd3 Qxa8 20. Rc1 Qd8 21.
Qf3 c6 22. Rd1 Qe7 23. Qe3 a6 24. f3 Rd8 25. Rd3 h6 26. Qd2 d5 27. Bc1 Rd7 28.
exd5 Rxd5 29. Bb2 e4 30. Rxd5 exf3+ 31. Kg1 Nxd5 32. Bd4 Qe6 33. g4 Qe4 34. Kf2
Nf4 35. Be3 Nxh3+ 36. Kg3 Ng5 37. Bxg5 hxg5 38. Qxg5 f6 39. Qh5 Qe5+ 40. Qxe5
fxe5 41. Kxf3 Kf7 42. Ke4 Ke6 43. a4 b5 44. a5 g5 45. Ke3 Kd5 46. Kd3 e4+ 47.
Kc3 c5 48. bxc5 Kxc5 0-1

[Event "4NCL Division 3 South"]
[Site "Milton Keynes, ENG"]
[Date "2021.11.20"]
[Round "1.114"]
[White "Vachtfeidl, Petr"]
[Black "Coates, Christine"]
[Result "1-0"]
[WhiteElo "1869"]
[BlackElo "1338"]
[PlyCount "49"]
[EventDate "2021.11.20"]
[WhiteTeam "CSC 2"]
[BlackTeam "Crowthorne B"]

1. d4 d5 2. c4 Nf6 3. cxd5 Qxd5 4. Nc3 Qd6 5. e4 e5 6. Nf3 Bg4 7. dxe5 Qxd1+ 8.
Kxd1 Nfd7 9. Nd5 Kd8 10. Bg5+ f6 11. exf6 Bxf3+ 12. gxf3 Nxf6 13. Nxf6 gxf6 14.
Bxf6+ Be7 15. Bxh8 Nd7 16. Bh3 c6 17. Kc2 Kc7 18. Rad1 Rd8 19. Rxd7+ Rxd7 20.
Bxd7 Kxd7 21. Rd1+ Ke6 22. f4 Bf6 23. Bxf6 Kxf6 24. Rd7 Ke6 25. Rxh7 1-0

[Event "4NCL Division 3 South"]
[Site "Milton Keynes, ENG"]
[Date "2021.11.20"]
[Round "1.115"]
[White "Sreeram, Yashasvini"]
[Black "Cresswell, Mike J"]
[Result "1-0"]
[WhiteElo "1189"]
[BlackElo "1623"]
[PlyCount "67"]
[EventDate "2021.11.20"]
[WhiteTeam "Crowthorne B"]
[BlackTeam "CSC 2"]

1. Nf3 Nf6 2. g3 g6 3. Bg2 Bg7 4. O-O O-O 5. c4 d6 6. d4 Nbd7 7. Nc3 Re8 8. e4
Nf8 9. e5 dxe5 10. dxe5 Qxd1 11. Rxd1 Ng4 12. Nd5 Ne6 13. Bf4 c6 14. Nc3 Nxf4
15. gxf4 Be6 16. Nd4 Bxc4 17. Nxc6 bxc6 18. Bxc6 Be6 19. Bxa8 Rxa8 20. Nd5 Bxd5
21. Rxd5 Rb8 22. b3 Rb4 23. h3 Nh6 24. Rd7 Nf5 25. Rxa7 Rxf4 26. Ra8+ Bf8 27.
a4 e6 28. a5 Ne7 29. a6 Nc6 30. Rc8 Na7 31. Rc7 Nb5 32. Rb7 Rb4 33. Rxb5 Rxb5
34. a7 1-0

[Event "4NCL Division 3 South"]
[Site "Milton Keynes, ENG"]
[Date "2021.11.20"]
[Round "1.116"]
[White "Denning, Julie L"]
[Black "Sethuraman, Sreeram"]
[Result "0-1"]
[WhiteElo "1620"]
[BlackElo "800"]
[PlyCount "156"]
[EventDate "2021.11.20"]
[WhiteTeam "CSC 2"]
[BlackTeam "Crowthorne B"]

1. d4 Nf6 2. c4 e6 3. Nc3 c5 4. d5 exd5 5. cxd5 d6 6. Bg5 Nbd7 7. Nf3 a6 8. a4
Be7 9. e3 O-O 10. Bxf6 Bxf6 11. Qc2 Ne5 12. Be2 Bg4 13. Nxe5 Bxe2 14. Nxf7 Rxf7
15. Qxe2 Qa5 16. Qd2 Raf8 17. O-O Be5 18. Ne4 Qb6 19. Rab1 Qb3 20. Qd1 Qb4 21.
Qc2 h6 22. b3 b6 23. Qd2 Qxe4 24. f3 Qg6 25. Kh1 a5 26. f4 Bf6 27. Qe2 Qe4 28.
Rfd1 Bc3 29. Rbc1 Bb4 30. Rc4 Qe7 31. Qf3 Qf6 32. g3 Qb2 33. e4 Re8 34. Qd3 Qf6
35. Rc2 Rfe7 36. Re2 Qg6 37. Qf3 Qf7 38. Qd3 Qh5 39. e5 dxe5 40. d6 Rd7 41.
Qd5+ Kh7 42. Rxe5 Rxe5 43. fxe5 c4 44. Qe4+ Kh8 45. e6 Qxd1+ 46. Kg2 Qd2+ 47.
Kh3 Rxd6 48. e7 Re6 49. e8=Q+ Rxe8 50. Qxe8+ Kh7 51. Qe4+ Kg8 52. Qxc4+ Kh8 53.
Qc8+ Kh7 54. Qf5+ Kg8 55. Qe6+ Kf8 56. Qf5+ Ke7 57. Qe5+ Kf7 58. Qf5+ Ke7 59.
Qe5+ Kd8 60. Qb8+ Kd7 61. Qb7+ Ke6 62. Qc8+ Qd7 63. Qc4+ Ke7+ 64. Kg2 Bc5 65.
Qe4+ Qe6 66. Qb7+ Qd7 67. Qe4+ Kd6 68. Qd3+ Kc7 69. Qc4 g5 70. Qc3 g4 71. Qe5+
Kb7 72. Qf4 Qc6+ 73. Kf1 Qf3+ 74. Qxf3+ gxf3 75. g4 Kc6 76. h4 Kd5 77. g5 hxg5
78. h5 g4 0-1

[Event "4NCL Division 3 South"]
[Site "Milton Keynes, ENG"]
[Date "2021.11.20"]
[Round "1.121"]
[White "Marsh, Roger D W"]
[Black "Shah, Kian"]
[Result "1/2-1/2"]
[WhiteElo "1928"]
[BlackElo "1780"]
[PlyCount "61"]
[EventDate "2021.11.20"]
[WhiteTeam "Weesex Some Stars B"]
[BlackTeam "Cambridge University Y"]

1. d4 Nf6 2. c4 c5 3. d5 e6 4. Nc3 exd5 5. cxd5 d6 6. e4 g6 7. f4 Bg7 8. Bb5+
Bd7 9. Bxd7+ Nbxd7 10. Nf3 O-O 11. O-O Re8 12. Re1 a6 13. a4 c4 14. Nd2 Nc5 15.
Nxc4 Nfxe4 16. Nxe4 Nxe4 17. Be3 Rc8 18. Rc1 Nc3 19. bxc3 Rxc4 20. Qb3 Rce4 21.
Bf2 Qd7 22. g3 f5 23. c4 Bd4 24. Rxe4 Bxf2+ 25. Kxf2 fxe4 26. Re1 Qh3 27. Kg1
Qd7 28. Re3 Qc7 29. Qb4 b6 30. Kg2 Kf7 31. Kf1 1/2-1/2

[Event "4NCL Division 3 South"]
[Site "Milton Keynes, ENG"]
[Date "2021.11.20"]
[Round "1.122"]
[White "Balasundaram, Sivasatyan"]
[Black "De Coverly, Roger D"]
[Result "1-0"]
[WhiteElo "1722"]
[BlackElo "1926"]
[PlyCount "97"]
[EventDate "2021.11.20"]
[WhiteTeam "Cambridge University Y"]
[BlackTeam "Weesex Some Stars B"]

1. c4 Nf6 2. Nc3 g6 3. e4 d6 4. d4 Bg7 5. Nf3 O-O 6. Be2 e5 7. d5 a5 8. O-O Na6
9. Be3 Ng4 10. Bg5 Qe8 11. h3 h6 12. Bd2 Nf6 13. Be3 Bd7 14. a3 Qe7 15. Rb1 Nc5
16. Nd2 a4 17. Qc2 Nh7 18. b4 axb3 19. Nxb3 b6 20. Nxc5 dxc5 21. Qc1 Qh4 22. d6
f5 23. f3 f4 24. Bf2 Qg5 25. Kh2 c6 26. Rxb6 Rf6 27. Rd1 Bf8 28. Rb7 Rf7 29.
Bf1 Nf6 30. a4 Nh5 31. Qa3 Ra5 32. Ne2 Qf6 33. Bxc5 Ng3 34. Nxg3 fxg3+ 35. Kg1
h5 36. Qb4 Ra8 37. Be3 g5 38. c5 Kh7 39. Qe1 g4 40. Qxg3 h4 41. Qf2 gxh3 42.
Kh1 hxg2+ 43. Bxg2 Rg7 44. Rg1 Rxa4 45. Bf1 Be6 46. Bg5 Qg6 47. Qxh4+ Kg8 48.
Rxg7+ Bxg7 49. Bf6 1-0

[Event "4NCL Division 3 South"]
[Site "Milton Keynes, ENG"]
[Date "2021.11.20"]
[Round "1.123"]
[White "Smith, Steven J"]
[Black "Gurjar, Roshan"]
[Result "1/2-1/2"]
[WhiteElo "1859"]
[BlackElo "1720"]
[PlyCount "22"]
[EventDate "2021.11.20"]
[WhiteTeam "Weesex Some Stars B"]
[BlackTeam "Cambridge University Y"]

1. d4 d5 2. Bg5 Bf5 3. Nf3 Nf6 4. e3 e6 5. c4 c5 6. Qa4+ Qd7 7. Qxd7+ Nbxd7 8.
Nc3 a6 9. Nh4 Be4 10. Bxf6 Nxf6 11. cxd5 cxd4 1/2-1/2

[Event "4NCL Division 3 South"]
[Site "Milton Keynes, ENG"]
[Date "2021.11.20"]
[Round "1.124"]
[White "Gurjar, Siena"]
[Black "Adaway, William"]
[Result "0-1"]
[WhiteElo "1578"]
[BlackElo "1857"]
[PlyCount "86"]
[EventDate "2021.11.20"]
[WhiteTeam "Cambridge University Y"]
[BlackTeam "Weesex Some Stars B"]

1. e4 c6 2. d4 d5 3. exd5 cxd5 4. Bd3 Nc6 5. Nf3 Bg4 6. O-O Nxd4 7. Nbd2 Nf6 8.
c3 Nc6 9. h3 Bd7 10. Re1 e6 11. Ne5 Nxe5 12. Rxe5 Bd6 13. Re1 O-O 14. Nf3 h6
15. Ne5 Qc7 16. Bf4 Bc6 17. Nxc6 bxc6 18. Bxd6 Qxd6 19. c4 Rab8 20. b3 e5 21.
c5 Qc7 22. f3 Rfe8 23. Qc2 Re7 24. Re2 Nh5 25. Rae1 Nf4 26. Re3 d4 27. Re4 f5
28. Rxf4 exf4 29. Rxe7 Qxe7 30. Bxf5 Qe3+ 31. Kf1 d3 32. Bxd3 Rd8 33. Bh7+ Kh8
34. Qe2 Qxe2+ 35. Kxe2 Kxh7 36. Kf2 Kg6 37. g4 Rd2+ 38. Kg1 Kg5 39. Kf1 Kh4 40.
Ke1 Rxa2 41. Kd1 Kg3 42. Ke1 Kxf3 43. Kf1 Ra1# 0-1

[Event "4NCL Division 3 South"]
[Site "Milton Keynes, ENG"]
[Date "2021.11.20"]
[Round "1.125"]
[White "Spanton, Tim R"]
[Black "Evans, Daniel"]
[Result "1-0"]
[WhiteElo "1804"]
[BlackElo "1533"]
[PlyCount "61"]
[EventDate "2021.11.20"]
[WhiteTeam "Weesex Some Stars B"]
[BlackTeam "Cambridge University Y"]

1. Nc3 e6 2. d4 Nf6 3. e4 d5 4. e5 Nfd7 5. Nf3 c5 6. dxc5 Bxc5 7. Bd3 Nc6 8.
Bf4 Qb6 9. O-O Qxb2 10. Nb5 Bb6 11. Qe2 Qb4 12. Nd6+ Kf8 13. Bd2 Qa3 14. Bf4 h6
15. Rfb1 a6 16. Rb3 Qa4 17. Bg3 Nb4 18. Rab1 Bc5 19. Nh4 Bxd6 20. exd6 Nxd3 21.
cxd3 b5 22. Rc1 Kg8 23. Rbc3 Kh7 24. Nf3 Bb7 25. d4 Rhc8 26. Rc7 Qa3 27. Rxc8
Rxc8 28. Rxc8 Bxc8 29. Qc2+ g6 30. Qxc8 Qxa2 31. h3 1-0

[Event "4NCL Division 3 South"]
[Site "Milton Keynes, ENG"]
[Date "2021.11.20"]
[Round "1.126"]
[White "Sivanandan, Bodhana"]
[Black "Stuart, Graham"]
[Result "0-1"]
[WhiteElo "1500"]
[BlackElo "1773"]
[PlyCount "108"]
[EventDate "2021.11.20"]
[WhiteTeam "Cambridge University Y"]
[BlackTeam "Weesex Some Stars B"]

1. e4 e6 2. d4 d5 3. Nc3 Nf6 4. e5 Nfd7 5. a3 c5 6. Be3 Qb6 7. Na4 Qa5+ 8. c3
cxd4 9. b4 Qc7 10. cxd4 a6 11. Bd3 Nc6 12. Nf3 b5 13. Nb2 Nb6 14. O-O h6 15.
Nd2 Bb7 16. f4 Nc4 17. Nbxc4 dxc4 18. Bc2 Rd8 19. Nf3 Ne7 20. a4 Nd5 21. Qc1
Bxb4 22. Bd2 Bxd2 23. Qxd2 c3 24. Qc1 b4 25. Bb3 a5 26. Ne1 Qc6 27. Rf3 Ba6 28.
Qc2 Nb6 29. f5 Bc4 30. Bxc4 Qxc4 31. fxe6 Qxe6 32. Rf4 Qc4 33. Nf3 O-O 34. Rb1
Qc6 35. Nd2 Qxa4 36. Qxa4 Nxa4 37. Nb3 Rd5 38. Rff1 Nb2 39. Ra1 a4 40. Nc5 Rxd4
41. Nxa4 Nxa4 42. Rxa4 c2 43. Raa1 b3 44. Rac1 Rfd8 45. Kf2 Rd2+ 46. Kg3 b2 47.
Rce1 Rd1 48. Kf2 b1=Q 49. Rxd1 Rxd1 50. Rxd1 cxd1=Q 51. Kg3 Qg6+ 52. Kf4 Qd4+
53. Kf3 Qge4+ 54. Kg3 Qg4# 0-1

[Event "4NCL Division 3 South"]
[Site "Milton Keynes, ENG"]
[Date "2021.11.20"]
[Round "1.131"]
[White "Hylands, Keith"]
[Black "Robinson, James"]
[Result "0-1"]
[WhiteElo "1369"]
[BlackElo "1931"]
[PlyCount "146"]
[EventDate "2021.11.20"]
[WhiteTeam "Watford B"]
[BlackTeam "Barnet Knights B"]

1. d4 Nf6 2. Nf3 d5 3. e3 Bg4 4. Be2 e6 5. Ne5 Bxe2 6. Qxe2 c6 7. Nd2 Bd6 8.
Nef3 Nbd7 9. Nf1 O-O 10. Ng3 Rc8 11. O-O Qc7 12. c3 Rfe8 13. Bd2 Ne4 14. Qd3 f5
15. Qc2 Nxg3 16. hxg3 Nf6 17. a3 Ne4 18. Be1 Rf8 19. Ne5 Bxe5 20. dxe5 Qxe5 21.
f4 Qf6 22. Qe2 Qg6 23. Qf3 Nf6 24. Kf2 Ng4+ 25. Ke2 Nh2 26. Qf2 Qg4+ 27. Kd2
Nxf1+ 28. Qxf1 a6 29. Qf3 Qxf3 30. gxf3 c5 31. Bf2 c4 32. Rb1 b5 33. Rg1 Rcd8
34. Kc2 Kf7 35. Rh1 a5 36. Rg1 Rb8 37. Re1 b4 38. axb4 axb4 39. cxb4 Rxb4 40.
e4 Rfb8 41. Bd4 dxe4 42. fxe4 Rb3 43. Bc3 R8b7 44. exf5 exf5 45. Re5 R3b5 46.
Re2 Kg6 47. Rh2 Re7 48. Rg2 h5 49. Rd2 Rb6 50. Be5 Ree6 51. Rd7 Rxe5 52. fxe5
Rb3 53. Rc7 Rxg3 54. Rxc4 Re3 55. Rc6+ Kf7 56. Rc7+ Ke6 57. Rxg7 Rxe5 58. Rh7
f4 59. Rh6+ Kd5 60. Rf6 Ke4 61. Kd2 Kf3 62. Rd6 h4 63. Rh6 Re2+ 64. Kd1 Rxb2
65. Rxh4 Rb1+ 66. Kc2 Re1 67. Kd2 Re8 68. Rh6 Kf2 69. Rh2+ Kg3 70. Rh6 f3 71.
Rg6+ Kf2 72. Rd6 Rg8 73. Kd1 Kg2 {#R} 0-1

[Event "4NCL Division 3 South"]
[Site "Milton Keynes, ENG"]
[Date "2021.11.20"]
[Round "1.132"]
[White "Erez, Uri"]
[Black "George, Seb"]
[Result "1-0"]
[WhiteElo "1847"]
[BlackElo "1283"]
[PlyCount "113"]
[EventDate "2021.11.20"]
[WhiteTeam "Barnet Knights B"]
[BlackTeam "Watford B"]

1. d4 d5 2. c4 c6 3. Nf3 Nf6 4. Nc3 Bf5 5. Qb3 Qb6 6. c5 Qxb3 7. axb3 Nbd7 8.
b4 Ne4 9. b5 Nxc3 10. bxc6 bxc6 11. bxc3 e6 12. Bf4 Be7 13. e3 a5 14. Be2 h6
15. Bd1 O-O 16. Ba4 Ra6 17. O-O Rc8 18. Ra2 Bd8 19. Rb2 Bc7 20. Rb7 Bxf4 21.
exf4 Nf6 22. Ne5 Bg6 23. f3 Ne8 24. Nxg6 fxg6 25. Re7 Rc7 26. Rxc7 Nxc7 27. Rb1
Nb5 28. Bxb5 cxb5 29. Rxb5 a4 30. Rb6 Ra8 31. Rxe6 Kf7 32. Re1 a3 33. Ra1 Ke6
34. Kf2 Kd7 35. Ke2 Kc6 36. Kd3 Kb5 37. Rb1+ Kc6 38. Kc2 Ra4 39. Ra1 Ra7 40.
Kb3 Rf7 41. Rxa3 Rxf4 42. Ra6+ Kd7 43. Rxg6 Rf7 44. Kb4 Kc7 45. Kb5 Re7 46. Ra6
Kb7 47. c6+ Kb8 48. Kc5 g5 49. Kxd5 h5 50. Kd6 Rf7 51. c7+ Kb7 52. Ra5 g4 53.
Rb5+ Ka7 54. c8=Q Rf6+ 55. Ke7 Rb6 56. Ra5+ Ra6 57. Rxa6# 1-0

[Event "4NCL Division 3 South"]
[Site "Milton Keynes, ENG"]
[Date "2021.11.20"]
[Round "1.133"]
[White "Shine, Patrick"]
[Black "Farahi-Far, Arman"]
[Result "1-0"]
[WhiteElo "1300"]
[BlackElo "1732"]
[PlyCount "63"]
[EventDate "2021.11.20"]
[WhiteTeam "Watford B"]
[BlackTeam "Barnet Knights B"]

1. e4 c5 2. b4 cxb4 3. a3 Nc6 4. axb4 Nxb4 5. c3 Nc6 6. d4 d5 7. e5 Bf5 8. g4
Bg6 9. Ba3 Qa5 10. Bd3 b5 11. Bb2 Qb6 12. Ne2 e6 13. O-O Nge7 14. Na3 Bxd3 15.
Qxd3 Rb8 16. Nc2 Ng6 17. f4 f5 18. gxf5 exf5 19. Qxf5 Nce7 20. Qd3 Nh4 21. Ne3
g6 22. Ba3 Nhf5 23. Bc5 Qc6 24. Bxa7 Rb7 25. Bc5 Nxe3 26. Qxe3 Nf5 27. Ra8+ Kf7
28. Qf3 Rg8 29. Bxf8 Rxf8 30. Rfa1 Rbb8 31. R8a6 Qd7 32. e6+ 1-0